| 000 | 00743nam a22002537i 4500 | ||
|---|---|---|---|
| 003 | URS | ||
| 005 | 20220114153013.0 | ||
| 008 | 160511b xxu||||| |||| 00| 0 eng d | ||
| 020 | _a9710869566 | ||
| 040 |
_erda _cURSP-College Library _beng |
||
| 050 | _b371.102 N34i 2009 | ||
| 100 | 1 | _aNemsingh, Rosario P. | |
| 245 |
_aInnovative teaching and evaluation _cNemsingh, Rosario pages. |
||
| 264 | 1 |
_aMandaluyong City _bNational Book Store _c2009. |
|
| 300 |
_aix, 200pages _c23cm |
||
| 336 |
_atext _btxt _2rdacontent |
||
| 337 |
_aunmediated _bn _2rdamedia |
||
| 338 |
_avolume _bnc _2rdacarrier |
||
| 500 | _aIncludes index | ||
| 650 | 0 | _aTeaching. | |
| 650 | 0 | _aEducational innovations. | |
| 700 | 1 | _aPadilla, Corazon P. | |
| 942 |
_2lcc _cF |
||
| 999 |
_c7988 _d7988 |
||